000
00315 a2200145 4500
001
151875
040
_c
Escola São Tomás de Aquino
100
_a
ROCHA, Ruth
240
1
0
_a
A arca de Noé
_l
por
245
1
0
_a
A arca de Noé
362
0
_a
2007
440
1
_a
Ática
697
_a
*LITERATURA INFANTO
942
_c
BK
999
_c
151875
_d
151875